Queer Ear : Remaking Music Theory.

This book brings together a diverse group of music theorists who issue queer challenges to both music theory and musicology and show that queerness is integral to music-theoretical practice. Through the lenses of queer temporality, queer narratology, and queer music analysis, chapters examine a wide...

Full description

Bibliographic Details
Main Author: Lee, Gavin S. K.
Format: eBook
Language:English
Published: Oxford : Oxford University Press, Incorporated, 2023.
Subjects:
Online Access:Connect to the full text of this electronic book

MARC

Tag First Indicator Second Indicator Subfields
LEADER 00000cam a2200000 4500
001 in00005698821
005 20260318170119.4
006 m o d
007 cr cnu||||||||
008 231007s2023 enk o 000 0 eng d
040 |a EBLCP  |b eng  |c EBLCP  |d STBDS  |d OCLCO  |d OCLCF  |d OCLCQ  |d OCLCO  |d GZM  |d NUI  |d UKAHL  |d OCLCQ 
019 |a 1543620430 
020 |a 9780197536780 
020 |a 9780197536803  |q (electronic book) 
020 |a 0197536808  |q (electronic book) 
020 |a 0197536786 
035 |a (OCoLC)1402030904  |z (OCoLC)1543620430 
050 4 |a ML3797.4  |b .Q44 2023 
082 0 4 |a 781.0866  |2 23 
049 |a TXAM 
100 1 |a Lee, Gavin S. K. 
245 1 0 |a Queer Ear :  |b Remaking Music Theory. 
264 1 |a Oxford :  |b Oxford University Press, Incorporated,  |c 2023. 
300 |a 1 online resource (345 pages) 
336 |a text  |b txt  |2 rdacontent 
337 |a computer  |b c  |2 rdamedia 
338 |a online resource  |b cr  |2 rdacarrier 
500 |a Description based upon print version of record. 
505 0 |a Cover -- Queer Ear -- Copyright -- Contents -- List of Contributors -- Introduction: Queer Ear -- 1. Queer and Critical Race Theory: Figuring Out Music Theory -- Queer Music Analysis -- 2. Music Analysis -- Queer Academy -- 3. Queering Schubert's "Der Atlas": Reflections on Positionality and Close Reading -- 4. The Expression of Queerness in Hans Werner Henze's Music -- 5. Multiplicities, Truth, Ethics: A Queering Analysis of Chaya Czernowin's Anea Crystal -- Queer Temporality -- 6. Sun Ra's Fletcher Henderson 
505 8 |a 7. The Chronographic Fallacy of Unilinear Music Theory, Or, Un(Re)productive Temporality in Dichterliebe -- 8. Queering Musical Chrononormativity: Percussion Works of the West Coast Group -- Queer Narratology -- 9. Queer Sexuality and Musical Narrative -- 10. "Legendary In-​Reading": Musical Meaning, Analysis, and Biography in Edward Prime-​Stevenson's Music Criticism and Sexology -- 11. Animating Indeterminate Agency -- Index 
520 |a This book brings together a diverse group of music theorists who issue queer challenges to both music theory and musicology and show that queerness is integral to music-theoretical practice. Through the lenses of queer temporality, queer narratology, and queer music analysis, chapters examine a wide variety of artists and composers, including Sun Ra, Cowell, Czernowin, Henze, Schubert, and Schumann; theories ranging from Schenker to queer shame, disability studies, and posthumanism; and authors such as Edward Cone and Edward Prime-Stevenson. 
650 0 |a Queer musicology. 
650 0 |a Music theory. 
650 0 |a Musical analysis. 
650 6 |a Musicologie queer. 
650 6 |a Théorie musicale. 
650 6 |a Analyse musicale. 
650 7 |a Music theory  |2 fast 
650 7 |a Musical analysis  |2 fast 
650 7 |a Queer musicology  |2 fast 
650 7 |a Music.  |2 thema 
650 7 |a Music.  |2 ukslc 
655 7 |a Electronic books.  |2 local 
776 0 8 |i Print version:  |a Lee, Gavin S. K.  |t Queer Ear  |d Oxford : Oxford University Press, Incorporated,c2023  |z 9780197536766 
856 4 0 |u http://proxy.library.tamu.edu/login?url=https://academic.oup.com/book/51689  |z Connect to the full text of this electronic book  |t 0 
936 |a BATCHLOAD 
955 |a Oxford Scholarship Online 
994 |a 92  |b TXA 
999 f f |i eb07526d-014c-4786-bee2-57f63b97a539  |s e4ed7a8a-54cd-41f8-a166-b9458cb018b7  |t 0 
952 f f |a Texas A&M University  |b College Station  |c Electronic Resources  |s www_evans  |d Available Online  |t 0  |e ML3797.4 .Q44 2023  |h Library of Congress classification 
998 f f |a ML3797.4 .Q44 2023  |t 0  |l Available Online